[Event "Open"]
[Site "Velika Gorica CRO"]
[Date "2002.06.30"]
[Round "9"]
[White "Jakovljevic,Vlado"]
[Black "Kristovic,M"]
[Result "0-1"]
[WhiteElo "2356"]
[BlackElo "2328"]

1.Nf3 Nf6 2.c4 e6 3.Nc3 c5 4.g3 b6 5.Bg2 Bb7 6.O-O Be7 7.d4 cxd4 8.Qxd4 O-O
9.Rd1 Nc6 10.Qf4 d6 11.b3 a6 12.Bb2 h6 13.Rac1 Qb8 14.Na4 Nd7 15.Qg4 g6 16.Qf4 Kh7
17.Qe3 Qc7 18.Nc3 Nce5 19.Nxe5 dxe5 20.Bxb7 Qxb7 21.Na4 Bg5 22.f4 Bf6 23.Qf2 Be7
24.Qf3 Qc7 25.fxe5 Bg5 26.Rc2 Rad8 27.Kg2 b5 28.h4 Be7 29.Nc3 Nxe5 30.Qf4 g5
31.Qc1 bxc4 32.Rxd8 Rxd8 33.Nd1 Qb7+  0-1

[Event "5th Open"]
[Site "Vins du Medoc FRA"]
[Date "2002.07.01"]
[Round "3"]
[White "Foisor,O"]
[Black "Behrhorst,F"]
[Result "1/2-1/2"]
[WhiteElo "2431"]
[BlackElo "2283"]

1.c4 Nf6 2.Nf3 c5 3.Nc3 d5 4.cxd5 Nxd5 5.e3 Nxc3 6.bxc3 g6 7.Qa4+ Nd7 8.Be2 Bg7
9.O-O O-O 10.d4 Qc7 11.Qb3 e6 12.a4 b6 13.a5 Bb7 14.Nd2 Rfc8 15.axb6 axb6
16.Rxa8 Rxa8 17.Bb2 Bd5 18.c4  1/2-1/2

[Event "23rd Open"]
[Site "Bled SLO"]
[Date "2002.07.02"]
[Round "1"]
[White "Kukovec,B"]
[Black "Stojanovski,D"]
[Result "1/2-1/2"]
[WhiteElo "2145"]
[BlackElo "2416"]

1.Nf3 Nf6 2.c4 c5 3.Nc3 g6 4.d4 cxd4 5.Nxd4 Nc6 6.e4 d6 7.Be2 Nxd4 8.Qxd4 Bg7
9.Be3 O-O 10.Qd2 Be6 11.O-O Qa5 12.f3 Rfc8 13.b3 a6 14.Rfc1 b5 15.cxb5 axb5
16.Rab1 b4 17.Na4 Rcb8 18.Qe1 Bd7 19.Bd1 Bxa4 20.bxa4 Nd7 21.Bb3 Nc5 22.Bxc5 dxc5
23.g3 Bc3 24.Qe2 Rd8 25.Rd1 Qc7 26.Kg2 Kg7 27.Qc4 e6 28.Rxd8 Rxd8 29.Rd1 Bd4
30.Rd3 h5 31.Qc2 h4 32.Rd1 Qe7 33.Qe2 Kh8 34.f4 Qd7 35.Qb5 Qc7 36.Qc4 Qb7
37.Re1 hxg3 38.hxg3 g5 39.Qe2 Rd6 40.Qg4 e5 41.Qxg5 Rg6 42.Qh5+ Kg7 43.Rh1 Qxe4+
44.Qf3  1/2-1/2

[Event "Milivoj Petrov Mem"]
[Site "Pancevo YUG"]
[Date "2002.07.02"]
[Round "9"]
[White "Fontaine,R"]
[Black "Halkias,S"]
[Result "1/2-1/2"]
[WhiteElo "2484"]
[BlackElo "2566"]

1.Nf3 c5 2.c4 Nf6 3.Nc3 e6 4.g3 b6 5.Bg2 Bb7 6.O-O Be7 7.d4 cxd4 8.Nxd4 Bxg2
9.Kxg2 Qc8 10.Qd3 Nc6  1/2-1/2

[Event "ch-NOR"]
[Site "Roros NOR"]
[Date "2002.07.07"]
[Round "2"]
[White "Johannessen,LE"]
[Black "Lie,K"]
[Result "1-0"]
[WhiteElo "2525"]
[BlackElo "2431"]

1.Nf3 c5 2.c4 Nf6 3.Nc3 e6 4.e3 b6 5.d4 Bb7 6.d5 exd5 7.cxd5 d6 8.e4 a6 9.a4 Qe7
10.Bc4 Nbd7 11.O-O g6 12.Re1 Bg7 13.e5 dxe5 14.d6 Bxf3 15.Qxf3 Qd8 16.Nd5 O-O
17.Bg5 h6 18.Bh4 Kh7 19.Rad1 Ra7 20.Ne7 Qa8 21.Qb3 Qe8 22.f4 e4 23.Qc2 Qa8
24.Qe2 Qb7 25.b3 Qa8 26.Rd2 b5 27.axb5 axb5 28.Bxb5 Nh5 29.Bc6 Qb8 30.Bxe4 Kh8
31.Nc6 Qb6 32.Nxa7 Qxa7 33.Qf3 Qb6 34.Kh1 Qb4 35.Rdd1 Bc3 36.Rf1 Ndf6 37.Bc6 Rd8
38.d7 Bd4 39.Rfe1 Kh7 40.Re8 Qb6 41.Rxd8 Qxd8 42.b4 Ng7 43.bxc5 Nf5 44.Bf2 Bxf2
45.Qxf2 Ng4 46.Qe1 Kg7 47.Bf3 Nge3 48.Rd3 Nc4 49.Qc3+ Nd4 50.Qxd4+  1-0

[Event "FSIMC July"]
[Site "Budapest HUN"]
[Date "2002.07.08"]
[Round "3"]
[White "Balster,S"]
[Black "Egeli,P"]
[Result "1/2-1/2"]
[WhiteElo "2349"]
[BlackElo "2312"]

1.c4 c5 2.Nf3 Nf6 3.Nc3 e6 4.g3 b6 5.Bg2 Bb7 6.O-O d6 7.Re1 a6 8.e4 Qc7 9.d4 cxd4
10.Nxd4 Be7 11.Be3 O-O 12.Rc1 Nbd7 13.f4 Rfe8 14.f5 Bf8 15.fxe6 fxe6 16.Bf2 Ne5
17.Bh3 Qf7 18.b3 Rad8 19.Rc2 h5 20.Bg2 Nfg4 21.h3 Nxf2 22.Rxf2 Qg6 23.Kh2 Be7
24.Nce2 h4 25.g4 Bg5 26.Nf4 Qh6 27.Ref1 Rd7 28.Nde2 Rf8 29.Nd3 Rxf2 30.Rxf2 Nxd3
31.Qxd3 Bf6 32.Kh1 Be5 33.Qf3 Qf6 34.Qe3 Qd8 35.Nd4 Re7 36.Ne2 Rf7 37.Rxf7 Kxf7
38.Ng1 g5 39.Nf3 Bf4 40.Qf2 e5 41.Ng1  1/2-1/2

[Event "23rd Open"]
[Site "Bled SLO"]
[Date "2002.07.09"]
[Round "8"]
[White "Ruck,R"]
[Black "Grosar,A"]
[Result "1-0"]
[WhiteElo "2571"]
[BlackElo "2470"]

1.c4 c5 2.Nf3 Nf6 3.Nc3 d5 4.cxd5 Nxd5 5.d4 cxd4 6.Qxd4 Nxc3 7.Qxc3 Nc6 8.e4 Bd7
9.a3 e6 10.Be2 Rc8 11.O-O Na5 12.Qd3 Ba4 13.Qxd8+ Rxd8 14.Be3 b6 15.Rac1 Bd6
16.e5 Be7 17.Rc7 Rd7 18.Rc8+ Rd8 19.Rfc1 Rf8 20.b4 Nb7 21.R8c7 Rd7 22.Nd4 a5
23.Bb5 Bxb5 24.Nxb5 Nd8 25.Rxd7 Kxd7 26.Rc7+ Ke8 27.Nd6+ Bxd6 28.exd6  1-0

[Event "Open Championships"]
[Site "Paris FRA"]
[Date "2002.07.09"]
[Round "4"]
[White "Rahman,Zia"]
[Black "Abergel,T"]
[Result "1-0"]
[WhiteElo "2517"]
[BlackElo "2361"]

1.Nf3 Nf6 2.c4 e6 3.Nc3 c5 4.g3 b6 5.Bg2 Bb7 6.O-O Be7 7.Re1 d5 8.cxd5 Nxd5
9.e4 Nxc3 10.bxc3 O-O 11.d4 Nc6 12.d5 exd5 13.exd5 Na5 14.Ne5 Bf6 15.Bf4 Bxe5
16.Bxe5 Qd7 17.Qh5 f5 18.Rad1 Nc4 19.f4 Rad8 20.Qe2 Nd6 21.Qc2 Nc4 22.Qe2 Nd6
23.Bxd6 Qxd6 24.Qd3 Qd7 25.Re5 b5 26.Qe3 Qc7 27.d6 Qb6 28.Bxb7 Qxb7 29.Re7 Qb6
30.Qe5 c4+ 31.Rd4 Rf6 32.d7  1-0

[Event "23rd Open"]
[Site "Bled SLO"]
[Date "2002.07.10"]
[Round "9"]
[White "Neverov,V"]
[Black "Mikhalchishin,A"]
[Result "1-0"]
[WhiteElo "2587"]
[BlackElo "2533"]

1.c4 c5 2.Nf3 Nf6 3.Nc3 d5 4.cxd5 Nxd5 5.e3 e6 6.d4 Be7 7.Bd3 Nc6 8.O-O O-O
9.a3 Nxc3 10.bxc3 b6 11.Qc2 g6 12.Bb2 Bb7 13.Rad1 cxd4 14.cxd4 Rc8 15.Qe2 Bf6
16.h4 Qe7 17.e4 Rfd8 18.Bb1 Na5 19.Ba2 Bc6 20.Rfe1 Ba4 21.Rc1 Bb3 22.Rxc8 Rxc8
23.Bxb3 Nxb3 24.h5 gxh5 25.Qb5 Na5 26.Qxh5 Bg7 27.e5 Nc6 28.Re4  1-0

[Event "Open"]
[Site "Oberwart AUT"]
[Date "2002.07.11"]
[Round "7"]
[White "Kwatschewsky,L"]
[Black "Othman,A"]
[Result "0-1"]
[WhiteElo "2273"]
[BlackElo "2370"]

1.c4 Nf6 2.Nc3 c5 3.Nf3 e6 4.e3 Be7 5.d4 O-O 6.Bd3 d6 7.O-O a6 8.b3 Nbd7
9.Bb2 b6 10.e4 cxd4 11.Nxd4 Bb7 12.Re1 Rc8 13.Rc1 Qc7 14.Bb1 Qb8 15.Qe2 Rfe8
16.Nf3 Bd8 17.Nd2 Bc7 18.Nf1 d5 19.exd5 exd5 20.Qd3 Ne5 21.Qh3 dxc4 22.bxc4 Ng6
23.Bxg6 hxg6 24.Rxe8+ Rxe8 25.Ne3 Bc8 26.Qh4 g5 27.Qxg5 Bxh2+ 28.Kf1 Bf4
29.Qh4 Bxe3 30.fxe3 Qe5 31.Nd1 Qf5+ 32.Kg1 Re4 33.Qf2 Qg5 34.Bxf6 gxf6 35.Rc2 Bg4
36.Rd2 Rxc4 37.Qf1 Rc1 38.Qd3 Qh5  0-1

[Event "ch-SCO"]
[Site "Stirling SCO"]
[Date "2002.07.13"]
[Round "8"]
[White "Fraser,M"]
[Black "Grant,J"]
[Result "0-1"]
[WhiteElo "2186"]
[BlackElo "2201"]

1.Nf3 Nf6 2.c4 c5 3.Nc3 e6 4.g3 b6 5.Bg2 Bb7 6.O-O a6 7.d4 cxd4 8.Qxd4 d6
9.Rd1 Nbd7 10.b3 Be7 11.Ba3 Nc5 12.Rac1 O-O 13.Ng5 Bxg2 14.Kxg2 Qc7 15.Nge4 Qb7
16.f3 Nfxe4 17.fxe4 Bf6 18.Qe3 Be5 19.Bxc5 dxc5 20.Qf3 Rad8 21.Rxd8 Rxd8
22.Rd1 Rc8 23.Na4 g6 24.Rf1 Rc7 25.Rd1 b5 26.Rd8+ Kg7 27.Nc3 bxc4 28.bxc4 Rd7
29.Rxd7 Qxd7 30.Qe3 Qb7 31.Nd1 Bd4 32.Qf3 Qb1 33.Nf2 h5 34.g4 Bxf2 35.Kxf2 hxg4
36.Qxg4 Qxa2 37.e5 Qd2 38.Kf3 a5 39.Qg1 Qc3+ 40.Qe3 Qxe3+ 41.Kxe3 Kh6 42.Kd3 Kg5
43.Kc3 Kf4 44.Kb3 Kxe5 45.e3 Ke4 46.Ka4 Kxe3  0-1

[Event "3rd Stage Russian Cup"]
[Site "Tomsk RUS"]
[Date "2002.07.13"]
[Round "6"]
[White "Grebionkin,Vl"]
[Black "Usoltsev,D"]
[Result "1-0"]
[WhiteElo "2475"]
[BlackElo "2288"]

1.Nf3 c5 2.c4 Nf6 3.Nc3 g6 4.d4 Bg7 5.e4 cxd4 6.Nxd4 d6 7.Be2 O-O 8.Be3 Nc6
9.O-O Bd7 10.Qd2 Rc8 11.f3 a6 12.Rfd1 Ne5 13.b3 Nh5 14.Rac1 f5 15.exf5 gxf5
16.Nd5 Nf6 17.Nf4 Qe8 18.Nde6 Rf7 19.Ng5 Rf8 20.Nfe6 Bxe6 21.Nxe6 Rf7 22.Bd4 Nfd7
23.Nxg7 Rxg7 24.f4 Qg6 25.g3 Nf6 26.fxe5 Ne4 27.Qf4 Ng5 28.Kh1 dxe5 29.Qxe5 Ne6
30.Bf3  1-0

[Event "EuJun"]
[Site "Baku AZE"]
[Date "2002.07.14"]
[Round "1"]
[White "Werle,J"]
[Black "Baladjaev,G"]
[Result "1-0"]
[WhiteElo "2443"]
[BlackElo "2210"]

1.Nf3 Nf6 2.c4 c5 3.Nc3 b6 4.e4 Bb7 5.e5 Ne4 6.Nb1 f6 7.d3 Ng5 8.Bxg5 fxg5
9.Nxg5 e6 10.Qh5+ g6 11.Qg4 Bg7 12.f4 O-O 13.Nc3 Nc6 14.Nb5 Nb4 15.Kd2 Bxe5
16.fxe5 Rf2+ 17.Kc3 a5 18.a4 Qf8 19.Ne4 Rf4 20.Qg5 Rf5 21.Nf6+ Kg7 22.Qg3 Nc6
23.Nd6 Rxe5 24.Nfe4 Ba6 25.Be2 Rf5 26.Raf1 Nd4 27.Nxf5+ exf5 28.Qe5+ Kh6
29.Bd1 Re8 30.Qf6 Qg8 31.Nd6 Rf8 32.Qh4+ Kg7 33.Re1 Kh8 34.Re7 g5 35.Qh6 Ne6
36.Re1 g4 37.R1xe6 dxe6 38.Rxh7+ Qxh7 39.Qxf8+  1-0

[Event "FSGM July"]
[Site "Budapest HUN"]
[Date "2002.07.18"]
[Round "13"]
[White "Csom,I"]
[Black "Horvath,Jo"]
[Result "1/2-1/2"]
[WhiteElo "2448"]
[BlackElo "2535"]

1.c4 c5 2.Nf3 Nf6 3.Nc3 d5 4.cxd5 Nxd5 5.e4 Nxc3 6.bxc3 g6 7.d4 Bg7 8.Bb5+ Nc6
9.O-O cxd4 10.cxd4 O-O 11.Bxc6 bxc6 12.Be3 Bg4 13.Rc1 Qa5  1/2-1/2

[Event "24th Politiken Cup"]
[Site "Copenhagen DEN"]
[Date "2002.07.18"]
[Round "4"]
[White "Schandorff,L"]
[Black "Nilssen,J"]
[Result "1-0"]
[WhiteElo "2547"]
[BlackElo "2363"]

1.Nf3 Nf6 2.c4 g6 3.Nc3 c5 4.d4 cxd4 5.Nxd4 Bg7 6.e4 d6 7.Be2 Nc6 8.Be3 Nxd4
9.Qxd4 Be6 10.Rc1 Qa5 11.f3 O-O 12.Qd2 Rfc8 13.b3 a6 14.Na4 Qxd2+ 15.Kxd2 Nd7
16.g4 f5 17.exf5 gxf5 18.h3 Rf8 19.f4 Nf6 20.Rhg1 d5 21.Nc5 Bf7 22.gxf5 Rad8
23.Kc2 d4 24.Bd2 b6 25.Nxa6 Ne4 26.Bd3 Nxd2 27.Kxd2 Kh8 28.Rce1 Bf6 29.Nb4 Bh4
30.Ref1 Rd6 31.Be4 Be8 32.Rg4 Bf6 33.Nd5 h5 34.Rg2 Bh4 35.Kd3 Bf7 36.Rfg1 b5
37.Rg7 bxc4+ 38.bxc4 Bf6 39.Nxf6 Rxf6 40.Bd5 Bxd5 41.cxd5 Rxf5 42.Rxe7 Rxd5
43.Re5 Rd7 44.Rxh5+ Rh7 45.Rxh7+ Kxh7 46.a4 Rxf4 47.Ra1  1-0

[Event "24th Politiken Cup"]
[Site "Copenhagen DEN"]
[Date "2002.07.18"]
[Round "4"]
[White "Spanton,T"]
[Black "Timmermans,I"]
[Result "1/2-1/2"]
[WhiteElo "2008"]
[BlackElo "2177"]

1.Nf3 c5 2.c4 Nf6 3.Nc3 e6 4.g3 Nc6 5.Bg2 Be7 6.O-O O-O 7.d4 d5 8.cxd5 exd5
9.Bg5 cxd4 10.Nxd4 h6 11.Bf4 Be6 12.Qd2 Qd7 13.Rad1 Rfe8 14.Rfe1 Rad8 15.Nxe6 fxe6
16.Bxh6 gxh6 17.Qxh6 Nh7 18.Nxd5 Bf8 19.Qxh7+ Qxh7 20.Nf6+ Kh8 21.Nxh7 Kxh7
22.Bxc6 bxc6 23.Kg2 Bb4 24.Rxd8 Rxd8 25.Rc1 Rc8 26.Rc4 Bf8 27.Kf3 Kg6 28.Ke4 Kf6
29.h4 Rb8 30.b3 c5 31.g4 Bd6 32.f4 Rf8 33.Ra4 Rf7 34.Ra6 Rd7 35.h5 Bc7 36.e3 Bb6
37.Kf3 c4 38.g5+ Kf7 39.bxc4 Rd3 40.Kg4 Rxe3 41.h6 Re1 42.c5 Bxc5 43.Rc6 Bb6
44.Rd6 Rg1+ 45.Kh3 e5 46.Rf6+ Ke7 47.Kh2 Rg4 48.Kh3  1/2-1/2

[Event "XVIII Open"]
[Site "Ferrol ESP"]
[Date "2002.07.18"]
[Round "2"]
[White "Martinez Lopez,E"]
[Black "Lakos,N"]
[Result "1/2-1/2"]
[WhiteElo "2066"]
[BlackElo "2287"]

1.Nf3 Nf6 2.c4 e6 3.Nc3 c5 4.e3 b6 5.d4 cxd4 6.Nxd4 Bb7 7.a3 a6 8.Qc2 d6
9.e4 Nbd7 10.f3 Rc8 11.b3 Qc7 12.Bb2 Be7 13.Bd3 O-O 14.O-O Qb8 15.Qe2 Rfe8
16.Rfe1 Bd8 17.Qd2 Nc5 18.Bc2 Bc7 19.b4 Ncd7 20.g3 Qa8 21.Bb3 Bb8 22.Nd1 Ne5
23.Ne3 Ba7 24.b5 a5 25.a4 Bb8 26.Rac1 Ned7 27.Ne2 Bc7 28.Nf4 Ne5 29.Bd1 Qb8
30.Nd3 Ned7 31.Bb3 Bd8 32.Ba3 Be7 33.Red1 Rcd8 34.Qa2 Bf8 35.Rd2 h5 36.Rcd1 h4
37.g4 Nh7 38.Ne1 Nc5 39.Nd3 Ng5 40.Rf1 Nxd3 41.Rxd3 Qa8 42.Ng2 h3 43.Nf4 Qb8
44.Nh5 e5 45.Ng3 Ne6 46.Ne2 Nc5 47.Rdd1  1/2-1/2

[Event "24th Politiken Cup"]
[Site "Copenhagen DEN"]
[Date "2002.07.19"]
[Round "5"]
[White "Petersen,N"]
[Black "Hovmoller,K"]
[Result "0-1"]
[WhiteElo "2035"]
[BlackElo "2248"]

1.c4 Nf6 2.Nc3 c5 3.Nf3 d5 4.cxd5 Nxd5 5.e3 Nc6 6.d4 cxd4 7.exd4 e6 8.Bd3 Be7
9.O-O Bf6 10.Be3 Nxc3 11.bxc3 O-O 12.Qc2 h6 13.Rfd1 b6 14.Rab1 Bb7 15.Be4 Qe7
16.c4 Nb4 17.Qd2 Bxe4 18.Rxb4 Bxf3 19.gxf3 Rfd8 20.Rbb1 Rac8 21.Qe2 Qb7 22.f4 Qe4
23.f3 Qf5 24.Rbc1 Be7 25.Qc2 Qxc2 26.Rxc2 b5 27.Rd3 Rxc4 28.Rxc4 bxc4 29.Rc3 Rc8
30.Kf2 Kh7 31.f5 exf5 32.d5 a6 33.Bd4 g5 34.Ke3 Bd6 35.h3 Kg6 36.Kd2 Bb4  0-1

[Event "24th Politiken Cup"]
[Site "Copenhagen DEN"]
[Date "2002.07.20"]
[Round "6"]
[White "Schandorff,L"]
[Black "Hillarp Persson,T"]
[Result "1/2-1/2"]
[WhiteElo "2547"]
[BlackElo "2461"]

1.Nf3 e6 2.c4 c5 3.Nc3 Nf6 4.g3 b6 5.Bg2 Bb7 6.O-O a6 7.Re1 d6 8.e4 Nbd7
9.d4 cxd4 10.Nxd4 Qc7 11.f4 h5 12.h3 Qxc4 13.Be3 Qc7 14.Rc1 Qb8 15.Bf2 e5
16.Nd5 exd4 17.Nc7+ Kd8 18.Nxa8 Qxa8 19.Qxd4  1/2-1/2

[Event "KB Czech Open"]
[Site "Pardubice CZE"]
[Date "2002.07.20"]
[Round "2"]
[White "Tratar,M"]
[Black "Kantorik,M"]
[Result "0-1"]
[WhiteElo "2466"]
[BlackElo "2335"]

1.Nf3 Nf6 2.c4 c5 3.Nc3 e6 4.g3 b6 5.Bg2 Bb7 6.O-O Be7 7.Re1 O-O 8.e4 d6
9.d4 cxd4 10.Nxd4 Qc8 11.Be3 Nbd7 12.Rc1 a6 13.f4 Qc7 14.Bf2 Rac8 15.b3 Rfd8
16.Qe2 Bf8 17.f5 exf5 18.exf5 Bxg2 19.Kxg2 Re8 20.Qd1 Ne5 21.Nd5 Qb7 22.Nf3 Nfd7
23.Nxe5 dxe5 24.Qf3 Qb8 25.f6 g6 26.g4 b5 27.h4 bxc4 28.bxc4 Qb2 29.Qe2 Qa3
30.g5 Re6 31.h5 e4 32.Rc3 Qd6 33.hxg6 fxg6 34.Rh1 Ne5 35.Bg3 Qc6 36.Bxe5 Rxe5
37.Qg4 Rxd5 38.cxd5 Qxc3 39.Qe6+ Kh8 40.Rf1 Qd2+  0-1

[Event "Battle of Senta Open"]
[Site "Senta YUG"]
[Date "2002.07.22"]
[Round "6"]
[White "Arsovic,G"]
[Black "Restas,P"]
[Result "1-0"]
[WhiteElo "2434"]
[BlackElo "2194"]

1.Nf3 c5 2.c4 Nf6 3.Nc3 e6 4.g3 b6 5.Bg2 Bb7 6.O-O Be7 7.d4 cxd4 8.Qxd4 O-O
9.Rd1 Nc6 10.Qf4 Qb8 11.Ng5 Na5 12.b3 Bxg2 13.Qxb8 Raxb8 14.Kxg2 Rfd8 15.Bf4 d6
16.Nb5 Rb7 17.Nxd6 Rbd7 18.Ngxf7 Rf8 19.Ng5 e5 20.Nf5 exf4 21.Rxd7 Nxd7 22.Nxe7+ Kh8
23.Rd1  1-0

[Event "Macedonian Open"]
[Site "Struga MKD"]
[Date "2002.07.22"]
[Round "3"]
[White "Andonovski,L"]
[Black "Vuckovic,Bo"]
[Result "0-1"]
[WhiteElo "2337"]
[BlackElo "2472"]

1.Nf3 Nf6 2.c4 c5 3.Nc3 e6 4.g3 b6 5.Bg2 Bb7 6.O-O Be7 7.d4 cxd4 8.Qxd4 d6
9.Bg5 a6 10.Bxf6 Bxf6 11.Qd3 Ra7 12.Rfd1 Be7 13.Ne4 O-O 14.Rac1 Nd7 15.Qe3 Qb8
16.Qf4 Ne5 17.Nxe5 dxe5 18.Qe3 f5 19.Nd2 Bc5 20.Qd3 e4 21.Qc3 e3 22.fxe3 f4
23.Nf1 fxg3 24.Nxg3 Qf4 25.Bxb7 Bxe3+ 26.Kh1 Bxc1 27.Rd7 Qg5 28.Bd5 Rxd7  0-1

[Event "25th Open"]
[Site "Ghent BEL"]
[Date "2002.07.23"]
[Round "7"]
[White "Mohandesi,S"]
[Black "Van Haastert,E"]
[Result "0-1"]
[WhiteElo "2342"]
[BlackElo "2427"]

1.c4 Nf6 2.Nf3 c5 3.Nc3 b6 4.g3 Bb7 5.Bg2 g6 6.O-O Bg7 7.d4 cxd4 8.Qxd4 d6
9.Be3 Nbd7 10.Rac1 Rc8 11.b3 a6 12.Rfd1 O-O 13.Qh4 Re8 14.Bh6 Bh8 15.Qf4 Rc5
16.Qd2 Qa8 17.Be3 Rc7 18.Ne1 Bxg2 19.Nxg2 Ne4 20.Nxe4 Qxe4 21.Nf4 Qb7 22.Nd5 Rc6
23.Bg5 Nc5 24.f3 Ne6 25.Be3 Bg7 26.Bf2 Kf8 27.e4 h5 28.Be3 Rec8 29.Kg2 a5
30.Qf2 Rb8 31.h3 Nc5 32.g4 hxg4 33.hxg4 b5 34.Qh4 bxc4 35.Rxc4 e6 36.Nf6 Nd7
37.Rxc6 Qxc6 38.Rc1 Qb5 39.Nxd7+ Qxd7 40.Bf4 a4 41.b4 e5 42.Bd2 d5 43.Qg5 dxe4
44.fxe4 f6 45.Qe3 Qxg4+ 46.Kf2 Qh4+ 47.Ke2 Rd8 48.Be1 Qg4+ 49.Qf3 Qe6 50.Rc2 Bh6
51.b5 Kg7 52.Kf1 Qb6 53.Qe2 Rb8 54.Rb2 Bf4 55.Bf2 Qc7 56.b6 Qc1+ 57.Kg2 Rh8
58.Bg1 Qc3 59.Rc2 Qh3+ 60.Kf2 Bg3+ 61.Ke3 Bh2+ 62.Kd2 Rd8+ 63.Kc1 Bxg1 64.Rc7+ Kh6
65.b7 Qa3+ 66.Kb1 Qb4+ 67.Kc1 Rd4 68.Rc8 Qa3+ 69.Kb1 Rb4+ 70.Kc2 Qxa2+  0-1

[Event "KB Czech Open"]
[Site "Pardubice CZE"]
[Date "2002.07.23"]
[Round "5"]
[White "Stocek,J"]
[Black "Belov,Vl"]
[Result "1-0"]
[WhiteElo "2555"]
[BlackElo "2510"]

1.c4 Nf6 2.Nc3 c5 3.Nf3 e6 4.e3 Be7 5.d4 cxd4 6.exd4 d5 7.cxd5 Nxd5 8.Bc4 O-O
9.O-O Nc6 10.Re1 Bf6 11.Ne4 Nce7 12.h4 b6 13.Bg5 Bxg5 14.hxg5 Bb7 15.Ne5 Ng6
16.Nxg6 hxg6 17.Qg4 Qc7 18.Bxd5 exd5 19.Rac1 Qd8 20.Nd2 Qd6 21.Qe2 Rac8 22.Nf3 Qf4
23.Rxc8 Bxc8 24.Qe5 Qg4 25.Qxd5 Be6 26.Qd6 Bxa2 27.Ra1 Qf5 28.Qe5 Qc2 29.d5 Rd8
30.d6 Be6 31.Nd4 Qc5 32.Qxc5 bxc5 33.Nxe6 fxe6 34.Ra6 e5 35.Rc6 Kf7 36.Rc7+ Ke6
37.Rxg7 Kf5 38.Rf7+ Kxg5 39.d7 c4 40.Kf1 Rb8 41.Ke1 Kh6 42.Re7 Rd8 43.Kd2 g5
44.Kc3 Kg6 45.Re6+ Kf7 46.Rxe5 Rxd7 47.Rxg5 Rd3+ 48.Kb4 Rd2 49.Rf5+  1-0

[Event "KB Czech Open"]
[Site "Pardubice CZE"]
[Date "2002.07.24"]
[Round "6"]
[White "Sandipan,C"]
[Black "Fridman,D"]
[Result "1/2-1/2"]
[WhiteElo "2507"]
[BlackElo "2571"]

1.c4 Nf6 2.Nc3 c5 3.Nf3 e6 4.e3 d5 5.d4 Nc6 6.a3 dxc4 7.Bxc4 a6 8.O-O b5
9.Ba2 Bb7 10.Qe2 Qc7 11.d5 exd5 12.Nxd5 Nxd5 13.Bxd5 Be7 14.a4 Qb6 15.e4 O-O
16.Bg5 Nd4 17.Nxd4 Bxg5 18.Bxb7 Qxb7 19.Nf5 g6 20.Nd6 Qc6 21.e5 c4 22.Rad1 Be7
23.Rd4 Bxd6 24.exd6 Rad8 25.Rfd1 Rfe8 26.Qd2 bxa4 27.h4 a3 28.bxa3 c3 29.Qc2 Re6
30.R4d3  1/2-1/2

[Event "KB Czech Open"]
[Site "Pardubice CZE"]
[Date "2002.07.25"]
[Round "7"]
[White "Schlosser,P"]
[Black "Kristjansson,S"]
[Result "1-0"]
[WhiteElo "2534"]
[BlackElo "2428"]

1.Nf3 Nf6 2.c4 c5 3.Nc3 e6 4.d4 cxd4 5.Nxd4 b6 6.Ndb5 Bb4 7.Nd6+ Ke7 8.Bf4 Nc6
9.Qd2 Nh5 10.O-O-O Nxf4 11.Qxf4 f6 12.Qg3 Rg8 13.a3 Bxc3 14.Qxc3 Qc7 15.f4 Nd8
16.e4 Nf7 17.e5 Qc5 18.Ne4 Qc7 19.exf6+ Ke8 20.g3 Bb7 21.Bd3 Rc8 22.Rhe1 Bxe4
23.Rxe4 Nd6 24.Rd4  1-0

[Event "Lost Boys Open"]
[Site "Amsterdam NED"]
[Date "2002.07.26"]
[Round "1"]
[White "Van der Werf,M"]
[Black "Markus,J"]
[Result "1-0"]
[WhiteElo "2422"]
[BlackElo "2247"]

1.Nf3 Nf6 2.c4 c5 3.Nc3 b6 4.e3 Bb7 5.d4 cxd4 6.exd4 g6 7.d5 Bg7 8.Be2 O-O
9.Bg5 d6 10.O-O Nbd7 11.Re1 Rc8 12.Rc1 a6 13.Bf1 h6 14.Bf4 Ng4 15.Nd4 Nge5
16.b3 Re8 17.Qd2 Kh7 18.Bg3 Nf8 19.Be2 h5 20.f4 Ned7 21.f5 Bh6 22.Bf4 Bxf4
23.Qxf4 Ne5 24.Ne4 b5 25.fxg6+ Nfxg6 26.Qg5 Rh8 27.Nf5 Kg8 28.Kh1 f6 29.Qd2 bxc4
30.bxc4 a5 31.Qd4 Qd7 32.Nfxd6 Rf8 33.Nxb7 Qxb7 34.Rf1 h4 35.h3 Kg7 36.Nc5  1-0

[Event "Lost Boys Open"]
[Site "Amsterdam NED"]
[Date "2002.07.26"]
[Round "1"]
[White "Timman,J"]
[Black "Witt,R"]
[Result "1/2-1/2"]
[WhiteElo "2623"]
[BlackElo "2308"]

1.c4 c5 2.Nf3 Nf6 3.Nc3 e6 4.g3 b6 5.Bg2 Bb7 6.O-O Be7 7.d4 cxd4 8.Qxd4 d6
9.b3 Nbd7 10.Bb2 a6 11.Rfd1 Qc7 12.Qe3 O-O 13.Nd4 Rfe8 14.Rac1 Bxg2 15.Kxg2 Qb7+
16.Qf3 Qc7 17.Ne4 Nxe4 18.Qxe4 Nf6 19.Qf3 Rac8 20.a4 Nd7 21.Nc2 Bf8 22.Bd4 Qb8
23.Nb4 d5 24.Bc3 Bxb4 25.Bxb4 Ne5 26.Qe3 dxc4 27.Bd6 Qb7+ 28.Kg1 Ng6 29.bxc4 Qc6
30.Qb3 Red8 31.c5 bxc5 32.Rxc5 Qe4 33.Bc7 Rxd1+ 34.Qxd1 h6 35.Bb6 Rxc5 36.Bxc5 Qc4
37.Bd6 Qg4 38.Qc2 e5 39.Ba3 h5 40.f3 Qd4+ 41.Kg2 Qa1 42.Bb4 Qd4 43.Be1 Qd6
44.h4 Qe6 45.Bf2 f5 46.Qd2 Ne7 47.Qd8+ Kf7 48.Qh8 Qg6 49.Qb8 Qe6 50.Bc5 Nd5
51.a5 e4 52.f4 Nf6 53.Qc7+ Kg6 54.Bd4 Qa2 55.Bxf6 Qxe2+ 56.Kh3 gxf6 57.Qc8  1/2-1/2

[Event "Lost Boys Open"]
[Site "Amsterdam NED"]
[Date "2002.07.26"]
[Round "1"]
[White "Giddins,S"]
[Black "Van Haastert,E"]
[Result "1/2-1/2"]
[WhiteElo "2249"]
[BlackElo "2427"]

1.Nf3 Nf6 2.c4 c5 3.Nc3 b6 4.g3 Bb7 5.Bg2 g6 6.b3 Bg7 7.Bb2 O-O 8.O-O Na6
9.Rc1 e6 10.d4 d5 11.cxd5 Nxd5 12.Nxd5 Bxd5 13.Bc3 cxd4 14.Nxd4 Bxg2 15.Kxg2 Rc8
16.Nb5 Bxc3 17.Rxc3 Rxc3 18.Nxc3 Qc7 19.Qd3 Nb4 20.Qd4 a5 21.Rd1 Rc8 22.Ne4 Nd5
23.Nf6+ Nxf6 24.Qxf6 Qc2 25.Rd8+ Rxd8 26.Qxd8+ Kg7 27.Qd4+ Kg8 28.Qd8+ Kg7
29.Qd4+ Kg8  1/2-1/2

[Event "KB Czech Open"]
[Site "Pardubice CZE"]
[Date "2002.07.26"]
[Round "8"]
[White "Stryjecki,M"]
[Black "Stocek,J"]
[Result "0-1"]
[WhiteElo "2424"]
[BlackElo "2555"]

1.Nf3 Nf6 2.c4 c5 3.Nc3 b6 4.e4 d6 5.d4 cxd4 6.Nxd4 Bb7 7.f3 e6 8.Be2 Be7
9.Be3 O-O 10.Qd2 a6 11.g4 Nc6 12.g5 Nd7 13.Nxc6 Bxc6 14.h4 Rb8 15.O-O-O b5
16.Rdg1 Ne5 17.cxb5 axb5 18.b4 d5 19.exd5 Bxd5 20.Nxd5 exd5 21.a3 Qd7 22.Kb2 Nc4+
23.Bxc4 bxc4 24.Bd4 Bxb4 25.axb4 Qa4 26.Ra1 Qb3+ 27.Kc1 c3 28.Qc2 Qxb4 29.Bxc3 Qf4+
30.Qd2 Qxf3 31.Re1 Rbc8 32.Re3 Qh1+ 33.Qd1 Qxh4 34.Ra4 Qxg5 35.Qd2 Qg1+ 36.Re1 Qb6
37.Qc2 h5 38.Rd4 Qc6 39.Kd2 Qh6+ 40.Kd1 Rc5 41.Rd3 Qg6 42.Ree3 Qg1+ 43.Kd2 Rfc8
44.Rg3 Qf2+ 45.Kc1 Qf1+ 46.Qd1 Qf6 47.Qd2 h4 48.Rgf3 Qe6 49.Kd1 Qg4 50.Qe3 h3
51.Kd2 h2 52.Rg3 d4 53.Rxd4 Rxc3 54.Rgxg4 Rxe3 55.Rxg7+ Kh8  0-1

[Event "Capital of Siberia Open"]
[Site "Novosibirsk RUS"]
[Date "2002.07.27"]
[Round "9"]
[White "Mastilin,A"]
[Black "Okhrimenko,I"]
[Result "1-0"]
[WhiteElo "2079"]
[BlackElo "2178"]

1.c4 Nf6 2.Nc3 c5 3.Nf3 e6 4.g3 Nc6 5.Bg2 d5 6.cxd5 exd5 7.d4 c4 8.Ne5 Bb4
9.O-O O-O 10.Bg5 Bxc3 11.bxc3 h6 12.Bf4 Re8 13.Qa4 Bd7 14.Qa3 g5 15.Nxc6 Bxc6
16.Be3 Ng4 17.Bc1 Nf6 18.Qb2 Qe7 19.e3 b5 20.f3 a5 21.a3 Rab8 22.Bd2 Qc7
23.Rae1 Rbc8 24.Qc2 Qd6 25.e4 Qxa3 26.e5 Nh5 27.f4 Qb3 28.Qc1 b4 29.fxg5 bxc3
30.Bxc3 hxg5 31.Qxg5+ Ng7 32.Rc1 a4 33.h4 Re6 34.h5 Qb7 35.Bh3 Qe7 36.Qxe7 Rxe7
37.Bxc8 Nxh5 38.Rf5 Ng7 39.Rf6 Rc7 40.Bg4 Ne8 41.Rxc6 Rxc6 42.Bd7  1-0

[Event "KB Czech Open"]
[Site "Pardubice CZE"]
[Date "2002.07.27"]
[Round "9"]
[White "Knazovcik,L"]
[Black "Grigoriants,S RUS"]
[Result "1/2-1/2"]
[WhiteElo "2317"]
[BlackElo "2490"]

1.Nf3 Nf6 2.c4 e6 3.Nc3 c5 4.g3 b6 5.Bg2 Bb7 6.O-O Be7 7.d4 cxd4 8.Qxd4 Nc6
9.Qf4 O-O 10.b3 a6 11.Bb2 Qb8 12.Qxb8 Raxb8 13.Rfd1 Rfd8 14.Rac1 Ba8 15.Nd4 b5
16.Nb1 Nxd4 17.Bxd4 Bxg2 18.Kxg2 b4 19.Nd2 a5 20.Bxf6 Bxf6 21.Ne4 Be7 22.Nd6 Kf8
23.e4 Ra8 24.c5 Bxd6 25.cxd6 Rdc8 26.Kf3 Ke8 27.Ke3 Rc6 28.Rxc6 dxc6 29.Rc1 Kd7
30.e5 f6 31.f4 a4 32.Kd4 axb3 33.axb3 Ra2 34.Rc5 fxe5+ 35.fxe5 Rxh2 36.Ra5 Rd2+
37.Kc4 Rd5 38.Ra7+ Kd8 39.Ra8+ Kd7 40.Ra7+ Kd8 41.Rxg7 Rxe5 42.Rxh7 Rg5 43.Kxb4 Rxg3
44.Kc5 Rxb3 45.Rh8+ Kd7 46.Rh7+  1/2-1/2

[Event "Lost Boys Open"]
[Site "Amsterdam NED"]
[Date "2002.07.29"]
[Round "4"]
[White "Witt,R"]
[Black "Riemens,A"]
[Result "1/2-1/2"]
[WhiteElo "2308"]
[BlackElo "2225"]

1.Nf3 Nf6 2.c4 c5 3.Nc3 b6 4.g3 Bb7 5.Bg2 g6 6.O-O Bg7 7.d4 cxd4 8.Qxd4 O-O
9.Qh4 d6 10.Bh6 Nbd7 11.Bh3 Bxf3 12.exf3 Ne5 13.Bg2 Bxh6 14.Qxh6 Nxc4 15.b3 Ne5
16.Qd2 Rc8 17.Rfe1 Nc6 18.Rad1 e6 19.Qxd6  1/2-1/2

[Event "Lost Boys Open"]
[Site "Amsterdam NED"]
[Date "2002.07.31"]
[Round "6"]
[White "Lobron,E"]
[Black "Bezemer,A"]
[Result "1-0"]
[WhiteElo "2500"]
[BlackElo "2320"]

1.Nf3 c5 2.c4 Nf6 3.Nc3 d5 4.cxd5 Nxd5 5.g3 Nc6 6.Bg2 Nc7 7.O-O g6 8.Ng5 Bg7
9.Bxc6+ bxc6 10.d3 h6 11.Nf3 Bh3 12.Re1 Ne6 13.Be3 Rb8 14.Qa4 Rxb2 15.Rac1 Nd4
16.Bxd4 cxd4 17.Ne4 O-O 18.Qxa7 Be6 19.a4 Bd5 20.a5 f5 21.Nc5 e5 22.Rb1 Rf7
23.Qa6 Qb8 24.Nd7 Qb4 25.Rxb2 Qxb2 26.Qc8+ Kh7 27.Nfxe5 Re7 28.a6 Qb4 29.Kf1 Bxe5
30.Nxe5 Rxe5 31.a7 c5 32.Qc7+  1-0